Logo BPK

Biblioteka

Politechniki Koszalińskiej

Domy jednorodzinne : (Rekord nr 53386)

Szczegóły MARC
000 -ETYKIETA REKORDU
podpole kontrolne o stałej długości 01020nam a2200313 i 4500
001 - NUMER KONTROLNY REKORDU
pole kontrolne bg
003 - IDENTYFIKATOR NUMERU KONTROLNEGO REKORDU
podpole kontrolne BPK
005 - DATA OSTATNIEJ MODYFIKACJI REKORDU
podpole kontrolne 20200428082249.0
008 - POLE O STAŁEJ DŁUGOŚCI - DANE KONTROLNE
podpole kontrolne o stałej długości s2006 pl f f |000 0 pol
020 ## - MIĘDZYNARODOWY ZNORMALIZOWANY NUMER KSIĄŻKI - ISBN
ISBN 8321341985
040 ## - ŹRÓDŁO KATALOGOWANIA
Instytucja, która utworzyła rekord BPK
041 0# - KOD JĘZYKA
Kod języka tekstu pol
080 ## - UNIWERSALNA KLASYFIKACJA DZIESIĘTNA - UKD
UKD 69:728.3
080 ## - UNIWERSALNA KLASYFIKACJA DZIESIĘTNA - UKD
UKD 624.01/.07
080 ## - UNIWERSALNA KLASYFIKACJA DZIESIĘTNA - UKD
UKD (07)
100 1# - NAZWA OSOBOWA
Nazwa osobowa Michalak, Hanna.
245 10 - TYTUŁ/ODPOWIEDZIALNOŚĆ
Tytuł Domy jednorodzinne :
Ciąg dalszy tytułu konstruowanie i obliczanie /
Pozostałe elementy strefy tytułu i oznaczenia odpowiedzialności Hanna Michalak, Stefan Pyrak.
250 ## - STREFA WYDANIA
Oznaczenie wydania Wyd. zaktual. (dodr.).
260 ## - STREFA ADRESU WYDAWNICZEGO
Miejsce wydania Warszawa :
Nazwa wydawcy/dystrybutora "Arkady",
Data publikacji, dystrybucji/powstania dokumentu 2006.
300 ## - STREFA OPISU FIZYCZNEGO
Objętość 339, [1] s. :
Inne cechy fizyczne 2 mapy, rys. ;
Rozmiary 24 cm.
504 ## - UWAGA DOTYCZĄCA BIBLIOGRAFII
Informacje o bibliografii Bibliogr.
650 #4 - HASŁO PRZEDMIOTOWE W FORMIE NAZWY OGÓLNEJ LUB JEDNOSTKOWEJ
Nazwa ogólna lub geograficzna Budownictwo jednorodzinne
Określnik ogólny projekty.
655 #4 - TERMIN INDEKSOWY - OKREŚLENIE RODZAJU/FORMY DOKUMENTU
Określenie rodzaju/formy dokumentu Podręcznik
710 ## - HASŁO DODATKOWE - NAZWA CIAŁA ZBIOROWEGO
Nazwa ciała zbiorowego lub jednostki geograficznej Wydawnictwo "Arkady".
Kod określenia powiązania pbl.
700 1# - HASŁO DODATKOWE - NAZWA OSOBOWA
Nazwa osobowa Pyrak, Stefan
Określenie związku między hasłem a opisywanym materiałem Autor
856 ## - LOKALIZACJA I DOSTĘP DO ELEKTRONICZNYCH DOKUMENTÓW ZDALNYCH
Link (URL) http://koha.tu.koszalin.pl/cgi-bin/koha/opac-detail.pl?biblionumber=53386
Tekst linku Katalog online BPK
942 ## - DODATKOWE ELEMENTY (KOHA)
Typ dokumentu Książka
Schemat klasyfikacji Uniwersalna Klasyfikacja Dziesiętna
Egzemplarze
Wycofany Status egzemplarza Uszkodzony Dostępność Lokalizacja stała Lokalizacja bieżąca Miejsce przechowywania Sygnatura Kod kreskowy Dział Typ dokumentu Ostatnio wypożyczono
      Tylko na miejscu Biblioteka Politechniki Koszalińskiej Biblioteka Politechniki Koszalińskiej Czytelnia BG 83435 02364933 692/694 Części budynku Książka 29.07.2019
      Dostępny Biblioteka Politechniki Koszalińskiej Biblioteka Politechniki Koszalińskiej Wypożyczalnia BG 83436 02364926   Książka 16.04.2013
      Dostępny Biblioteka Politechniki Koszalińskiej Biblioteka Politechniki Koszalińskiej Wypożyczalnia BG 83437 02364919   Książka 12.12.2013
      Dostępny Biblioteka Politechniki Koszalińskiej Biblioteka Politechniki Koszalińskiej Wypożyczalnia BG 83438 02364902   Książka 21.12.2013
      Dostępny Biblioteka Politechniki Koszalińskiej Biblioteka Politechniki Koszalińskiej Wypożyczalnia BG 83439 02364896   Książka 21.03.2019
      Dostępny Biblioteka Politechniki Koszalińskiej Biblioteka Politechniki Koszalińskiej Wypożyczalnia BG 83756 02361727   Książka 15.10.2013
      Dostępny Biblioteka Politechniki Koszalińskiej Biblioteka Politechniki Koszalińskiej Wypożyczalnia BG 83757 02361710   Książka 06.10.2020
      Tylko na miejscu Czytelnia Wydziału Elektroniki i Informatyki, Wydziału Architektury i Wzornictwa, Wydziału Inżynierii Mechanicznej i Energetyki oraz Wydziału Inżynierii Lądowej, Środowiska i Geodezji Czytelnia Wydziału Elektroniki i Informatyki, Wydziału Architektury i Wzornictwa, Wydziału Inżynierii Mechanicznej i Energetyki oraz Wydziału Inżynierii Lądowej, Środowiska i Geodezji Czytelnia Wydziałowa ul. Śniadeckich 2 83434 02364940 69 Przemysł budowlany. Rzemiosło budowlane Książka  
© 2023 Biblioteka Politechniki Koszalińskiej :: KOHA